| 000 | 00429nam a2200169Ia 4500 | ||
|---|---|---|---|
| 005 | 20140507091859.0 | ||
| 008 | 140130s9999 xx 000 0 und d | ||
| 100 |
_aDana Meachen Rau _930939 |
||
| 245 |
_cDana Meachen Rau _aBox Can Be Many Things, A |
||
| 260 |
_bScholastic, _c1997 |
||
| 300 |
_a32 p. : _bcol. ill. ; _c19 cm. |
||
| 440 |
_v1 _930940 |
||
| 521 | _aG1 | ||
| 526 | _c110 | ||
| 942 |
_cBK _2lcc |
||
| 999 |
_c39833 _d39833 |
||